1532 1573 1954 1170 1838 1165 1755 1343 1163 1411 1736 1676 1772 1082 1580 1318 1737 1481 1829 1959 1566 1630 1430 1086 1026 1266 1505 1142 1564 1350 1572 1256 1561 2000 1390 1054 1081 1275 1658 1105 1859 1446 1315 1641 1813 1023 1660 1694 1017 1610 1651 1363 1349 1243 2000 1692 1721 1223 1726 1915 1856 1925 1218 1737 1310 1644 1010 1693 1645 1367 1285 1504 1197 1042 1591 1462 1896 1962 1004 1351 1044 1275 1002 1415 1905 1292 1842 1197 1523 1962 1196 1561 1811 1207 1221 1129 1553 1320 1373 BCNSPRNW ULIB Ver.6.0+V

เปลี่ยนเป็นภาษาไทย

Change to English
 แสดงรายละเอียดบรรณานุกรม
  กลับหน้าหลัก

Brief Record : Get Marc (ISO 2709) : E-mail record : QR code < ปิดหน้าต่าง
LEADER : 00000nam 2200000uu 4500
001    13399110780
003     ULIB
008    110609s2552||||th 000 0 tha d
020    9789744141224
050  4 HB180.T5^bร442ศ 2552
100 0  ราตรี สิทธิพงษ์
245 10 เศรษฐศาสตร์เบื้องต้น /^cราตรี สิทธิพงษ์, ชาลี ตระกูล
250    พิมพ์ครั้งที่ 1
260    กรุงเทพฯ :^bเอ็กซเปอร์เน็ท,^c2552
300    262 หน้า :^bภาพประกอบ ;^c21 ซม.
500    "เอกสารตำราหลักประกอบการเรียนการสอนหลักสูตรรัฐประศาสนศาสตรบัณฑิต สาขาวิชาการจัดการการคลัง วิชาเศรษฐศาสตร์เบื้องต้น (Principle of economics)"
504    บรรณานุกรม
650  7 เศรษฐศาสตร์
700 0  ชาลี ตระกูล
945    ^p230^l0^i18259
995    กัณชพร
999    ^aใช้งานได้ทุกระบบ
รายการนี้ยังไม่มีแท็ก
คุณยังไม่ได้ล็อกอิน คุณสามารถมีกิจกรรมร่วมกับเว็บไซต์ได้ แต่ต้องล็อกอินก่อน ::
  ล็อกอิน

รายการสื่อสารสนเทศ

ลำดับที่ ประเภท เลขเรียก/บาร์โค้ด สถานที่ สถานะ
- ไม่พบข้อมูล -

รายการใกล้เคียง
    ผู้แต่ง [ราตรี สิทธิพงษ์]

    หัวเรื่อง [เศรษฐศาสตร์]

BibComment


ยังไม่เคยถูกคอมเมนท์

คอมเมนท์ทรัพยากรรายการนี้
  คอมเมนท์: เศรษฐศาสตร์เบื้อง..


 Copyright 2026. Bcnsprnw @Library